JAGAT GURU RAVIDAS MAHARAJ JI PAWAN JIVAN KATHAYEN (Record no. 8769)

MARC details
000 -LEADER
fixed length control field 00391nam a22001337a 4500
005 - DATE AND TIME OF LATEST TRANSACTION
control field 20250513102215.0
008 - FIXED-LENGTH DATA ELEMENTS--GENERAL INFORMATION
fixed length control field 250513b |||||||| |||| 00| 0 eng d
041 ## - LANGUAGE CODE
Language code of text/sound track or separate title eng
100 ## - MAIN ENTRY--AUTHOR NAME
Personal name SANT SURENDRA DAS BABA JI
245 ## - TITLE STATEMENT
Title JAGAT GURU RAVIDAS MAHARAJ JI PAWAN JIVAN KATHAYEN
260 ## - PUBLICATION, DISTRIBUTION, ETC. (IMPRINT)
Place of publication JALANDHAR
Name of publisher RAVIDASIYA DHARAM PRACHAR AASTHAN KAHANPUR
Year of publication 2025
300 ## - PHYSICAL DESCRIPTION
Number of Pages 168;P
942 ## - ADDED ENTRY ELEMENTS (KOHA)
Koha item type Books
Holdings
Lost status Damaged status Collection code Home library Current library Shelving location Date acquired Source of acquisition Cost, normal purchase price Accession Number Koha item type
    Fiction JRU Library JRU Library NEWSPAPER SECTION 13/05/2025 PURCHASE 70.00 0059/D Books